Conceptos de administración estratégica
Wedi'i Gadw mewn:
| Prif Awdur: | |
|---|---|
| Fformat: | Llyfr |
| Iaith: | Sbaeneg |
| Cyhoeddwyd: |
Ciudad de México
Pearson Educación
2003
|
| Rhifyn: | 9a. ed |
| Pynciau: | |
| Tagiau: |
Ychwanegu Tag
Dim Tagiau, Byddwch y cyntaf i dagio'r cofnod hwn!
|
MARC
| LEADER | 00000nam a2200000 a 4500 | ||
|---|---|---|---|
| 001 | UCL7241 | ||
| 003 | CL-VaPUC | ||
| 005 | 20241018125631.0 | ||
| 008 | 040514e20030000MX |||||||||||||||||spa|d | ||
| 999 | |c 309089 |d 309087 | ||
| 020 | |a 9702604273 | ||
| 040 | |c Pontificia Universidad Católica de Valparaíso | ||
| 082 | 0 | 4 | |a 658 |b DAV |2 21 |
| 100 | 0 | |a David, Fred R |e author |9 314 | |
| 245 | 1 | 0 | |a Conceptos de administración estratégica |
| 250 | |a 9a. ed | ||
| 260 | |a Ciudad de México |b Pearson Educación |c 2003 | ||
| 300 | |a 336 p | ||
| 583 | |a last modification |c 20040514 00:00:00 |k Rodrigo Vera | ||
| 650 | 0 | |a Dirección de empresas |9 892465 |x Planificación estratégica | |
| 650 | 0 | |a Gestión de empresas |9 433832 | |
| 650 | 0 | |a Control de gestión |9 345692 | |
| 942 | |c BK |2 ddc | ||
| 945 | |d 20040514 00:00:00 |a cmena | ||
| 952 | |0 0 |1 0 |4 0 |6 658_000000000000000_DAV_2003 |7 0 |8 R |9 376332 |a BIBENE |b BIBENE |d 2019-11-21 |i 4013328 |o 658 DAV 2003 |p 4013328 |r 2025-01-15 |w 2019-11-21 |y BK_R |k ICO | ||
| 952 | |0 0 |1 0 |4 0 |6 658_000000000000000_DAV_2003 |7 0 |8 R |9 376333 |a BIBENE |b BIBENE |d 2019-11-21 |i 4034023 |o 658 DAV 2003 |p 4034023 |r 2025-01-15 |w 2019-11-21 |y BK_R |k ICO | ||
| 952 | |0 0 |1 0 |4 0 |6 658_000000000000000_DAV_2003 |7 0 |8 R |9 376334 |a BIBENE |b BIBENE |d 2019-11-21 |i 4034767 |o 658 DAV 2003 |p 4034767 |r 2025-01-15 |w 2019-11-21 |y BK_R |k ICO | ||
| 952 | |0 0 |1 0 |4 0 |6 658_000000000000000_DAV_2003 |7 0 |8 R |9 376335 |a BIBENE |b BIBENE |d 2019-11-21 |i 4034775 |l 3 |m 2 |o 658 DAV 2003 |p 4034775 |r 2025-01-15 |s 2024-09-17 |w 2019-11-21 |y BK_R |k ICO | ||
| 952 | |0 0 |1 0 |4 0 |6 658_000000000000000_DAV_2003 |7 0 |8 R |9 376336 |a BIBENE |b BIBENE |d 2019-11-21 |i 4034783 |o 658 DAV 2003 |p 4034783 |r 2025-01-15 |w 2019-11-21 |y BK_R |k ICO | ||
| 952 | |0 0 |1 0 |4 0 |6 658_000000000000000_DAV_2003 |7 0 |8 R |9 376337 |a BIBENE |b BIBENE |d 2019-11-21 |i 4049802 |o 658 DAV 2003 |p 4049802 |r 2025-01-15 |w 2019-11-21 |y BK_R |k ICO | ||
| 952 | |0 0 |1 0 |4 0 |6 658_000000000000000_DAV_2003 |7 0 |8 R |9 376338 |a BIBENE |b BIBENE |d 2019-11-21 |i 4066642 |o 658 DAV 2003 |p 4066642 |r 2025-01-15 |w 2019-11-21 |y BK_R |k ICO | ||
| 952 | |0 0 |1 0 |4 0 |6 658_000000000000000_DAV_2003 |7 0 |8 R |9 376339 |a BIBENE |b BIBENE |d 2019-11-21 |i 4066650 |o 658 DAV 2003 |p 4066650 |r 2025-01-15 |w 2019-11-21 |y BK_R |k ICO | ||
| 952 | |0 0 |1 0 |4 0 |6 658_000000000000000_DAV_2003 |7 0 |8 R |9 376340 |a BIBENE |b BIBENE |d 2019-11-21 |i 4066669 |o 658 DAV 2003 |p 4066669 |r 2025-01-15 |w 2019-11-21 |y BK_R |k ICO | ||
| 952 | |0 0 |1 0 |4 0 |6 658_000000000000000_DAV_2003 |7 0 |8 R |9 376341 |a BIBGIM |b BIBGIM |d 2019-11-21 |i 411096K |o 658 DAV 2003 |p 411096K |r 2025-01-15 |w 2019-11-21 |y BK_R |k COM | ||
| 952 | |0 0 |1 0 |4 0 |6 658_000000000000000_DAV_2003 |7 0 |8 R |9 376342 |a BIBGIM |b BIBGIM |d 2019-11-21 |i 4110978 |o 658 DAV 2003 |p 4110978 |r 2025-01-15 |w 2019-11-21 |y BK_R |k COM | ||
| 952 | |0 0 |1 0 |4 0 |6 658_000000000000000_DAV_2003 |7 0 |8 R |9 376343 |a BIBGIM |b BIBGIM |d 2019-11-21 |i 4110986 |o 658 DAV 2003 |p 4110986 |r 2025-01-15 |w 2019-11-21 |y BK_R |k COM | ||
| 952 | |0 0 |1 0 |4 0 |6 658_000000000000000_DAV_2003 |7 0 |8 R |9 376344 |a BIBGIM |b BIBGIM |d 2019-11-21 |i 4110994 |o 658 DAV 2003 |p 4110994 |r 2025-01-15 |w 2019-11-21 |y BK_R |k COM | ||
| 952 | |0 0 |1 0 |4 0 |6 658_000000000000000_DAV_2003 |7 0 |8 R |9 376345 |a BIBGIM |b BIBGIM |d 2019-11-21 |i 4111001 |o 658 DAV 2003 |p 4111001 |r 2025-01-15 |w 2019-11-21 |y BK_R |k COM | ||
| 952 | |0 0 |1 0 |4 0 |6 658_000000000000000_DAV_2003 |7 0 |8 R |9 376346 |a BIBGIM |b BIBGIM |d 2019-11-21 |i 411101K |o 658 DAV 2003 |p 411101K |r 2025-01-15 |w 2019-11-21 |y BK_R |k COM | ||
| 952 | |0 0 |1 0 |4 0 |6 658_000000000000000_DAV_2003 |7 0 |8 R |9 376347 |a BIBGIM |b BIBGIM |d 2019-11-21 |i 4111028 |o 658 DAV 2003 |p 4111028 |r 2025-01-15 |w 2019-11-21 |y BK_R |k COM | ||
| 952 | |0 0 |1 0 |4 0 |6 658_000000000000000_DAV_2003 |7 0 |8 R |9 376348 |a BIBGIM |b BIBGIM |d 2019-11-21 |i 4111036 |o 658 DAV 2003 |p 4111036 |r 2025-01-15 |w 2019-11-21 |y BK_R |k COM | ||
| 952 | |0 0 |1 0 |4 0 |6 658_000000000000000_DAV_2003 |7 0 |8 R |9 376349 |a BIBGIM |b BIBGIM |d 2019-11-21 |i 4111044 |o 658 DAV 2003 |p 4111044 |r 2025-01-15 |w 2019-11-21 |y BK_R |k COM | ||
| 952 | |0 0 |1 0 |4 0 |6 658_000000000000000_DAV_2003 |7 0 |8 R |9 376350 |a BIBGIM |b BIBGIM |d 2019-11-21 |i 4111052 |o 658 DAV 2003 |p 4111052 |r 2025-01-15 |w 2019-11-21 |y BK_R |k COM | ||
| 952 | |0 0 |1 0 |4 0 |6 658_000000000000000_DAV_2003 |7 0 |8 R |9 376351 |a BIBENE |b BIBENE |d 2019-11-21 |i 411146K |o 658 DAV 2003 |p 411146K |r 2025-01-15 |w 2019-11-21 |y BK_R |k ICO | ||
| 952 | |0 0 |1 0 |4 0 |6 658_000000000000000_DAV_2003 |7 0 |8 R |9 376352 |a BIBENE |b BIBENE |d 2019-11-21 |i 4111478 |l 2 |o 658 DAV 2003 |p 4111478 |r 2025-01-15 |s 2024-08-21 |w 2019-11-21 |y BK_R |k ICO | ||
| 952 | |0 0 |1 0 |4 0 |6 658_000000000000000_DAV_2003 |7 0 |8 R |9 376353 |a BIBENE |b BIBENE |d 2019-11-21 |i 4111486 |o 658 DAV 2003 |p 4111486 |r 2025-01-15 |w 2019-11-21 |y BK_R |k ICO | ||
| 952 | |0 0 |1 0 |2 ddc |4 0 |6 658_000000000000000_DAV_2003 |7 0 |8 A |9 376354 |a BIBING |b BIBING |c RES |d 2019-11-21 |i 4198441 |l 1 |m 2 |o 658 DAV 2003 |p 4198441 |r 2025-01-20 |s 2024-03-25 |w 2019-11-21 |y BK |k TRA | ||
| 952 | |0 0 |1 0 |4 0 |6 658_000000000000000_DAV_2003 |7 0 |8 R |9 376355 |a BIBENE |b BIBENE |d 2019-11-21 |i 4244699 |o 658 DAV 2003 |p 4244699 |r 2025-01-15 |w 2019-11-21 |y BK_R |k ICO | ||
| 952 | |0 0 |1 0 |4 0 |6 658_000000000000000_DAV_2003 |7 0 |8 R |9 376356 |a BIBENE |b BIBENE |d 2019-11-21 |i 451873K |o 658 DAV 2003 |p 451873K |r 2025-01-15 |w 2019-11-21 |y BK_R |k ICO | ||